540 bài tập nâng cao Tiếng Việt 5

v.v...

Đã lưu trong:
Chi tiết thư mục
Tác giả chính: Nguyễn Thị Nhung
Định dạng: Sách
Năm xuất bản: H. Nxb Hà Nội 2006
Chủ đề:
Tags: Thêm thẻ
Không có thẻ, Hãy là người đầu tiên gắn thẻ bản ghi này!
LEADER 03154nam a2200349 4500
999 |c 10963  |d 10963 
082 |a 372.6  |b NG527TH 
100 |a Nguyễn Thị Nhung 
245 |a 540 bài tập nâng cao Tiếng Việt 5  |c Nguyễn Thị Nhung 
260 |a H.  |b Nxb Hà Nội  |c 2006 
300 |a 140 tr.  |c 24 cm. 
520 |a v.v... 
653 |a Ngôn ngữ 
653 |a Tiếng Việt  
653 |a Bài tập 
653 |a Lớp 5 
653 |a Giáo dục tiểu học 
942 |2 ddc  |c STK0 
952 |0 0  |1 0  |2 ddc  |4 0  |6 372_600000000000000  |7 0  |8 300  |9 94386  |a qbu  |b qbu  |c D2  |d 2015-09-29  |g 16000  |o 372.6  |p 10968.c1  |w 2015-09-29  |y STK0  |0 0  |6 372_600000000000000  |0 0  |6 495_922076000000000_NG527TH 
952 |0 0  |1 0  |2 ddc  |4 0  |6 372_600000000000000  |7 0  |8 300  |9 94387  |a qbu  |b qbu  |c D2  |d 2015-09-29  |g 16000  |o 372.6  |p 10968.c2  |w 2015-09-29  |y STK0  |0 0  |6 372_600000000000000  |0 0  |6 495_922076000000000_NG527TH 
952 |0 0  |1 0  |2 ddc  |4 0  |6 372_600000000000000  |7 0  |8 300  |9 94388  |a qbu  |b qbu  |c D2  |d 2015-09-29  |g 16000  |o 372.6  |p 10968.c3  |w 2015-09-29  |y STK0  |0 0  |6 372_600000000000000  |0 0  |6 495_922076000000000_NG527TH 
952 |0 0  |1 0  |2 ddc  |4 0  |6 372_600000000000000  |7 0  |8 300  |9 94389  |a qbu  |b qbu  |c D2  |d 2015-09-29  |g 16000  |o 372.6  |p 10968.c4  |w 2015-09-29  |y STK0  |0 0  |6 372_600000000000000  |0 0  |6 495_922076000000000_NG527TH 
952 |0 0  |1 0  |2 ddc  |4 0  |6 372_600000000000000  |7 0  |8 300  |9 94390  |a qbu  |b qbu  |c D2  |d 2015-09-29  |g 16000  |o 372.6  |p 10968.c5  |w 2015-09-29  |y STK0  |0 0  |6 372_600000000000000  |0 0  |6 495_922076000000000_NG527TH 
952 |0 0  |1 0  |2 ddc  |4 0  |6 372_600000000000000  |7 0  |8 300  |9 94391  |a qbu  |b qbu  |c D2  |d 2015-09-29  |g 16000  |l 1  |o 372.6  |p 10968.c6  |r 2016-11-03  |s 2016-10-21  |w 2015-09-29  |y STK0  |0 0  |6 372_600000000000000  |0 0  |6 495_922076000000000_NG527TH 
952 |0 0  |1 0  |2 ddc  |4 0  |6 372_600000000000000  |7 0  |8 300  |9 94392  |a qbu  |b qbu  |c D2  |d 2015-09-29  |g 16000  |o 372.6  |p 10968.c7  |w 2015-09-29  |y STK0  |0 0  |6 372_600000000000000  |0 0  |6 495_922076000000000_NG527TH 
952 |0 0  |1 0  |2 ddc  |4 0  |6 372_600000000000000  |7 0  |8 300  |9 94393  |a qbu  |b qbu  |c D2  |d 2015-09-29  |g 16000  |o 372.6  |p 10968.c8  |w 2015-09-29  |y STK0  |0 0  |6 372_600000000000000  |0 0  |6 495_922076000000000_NG527TH 
952 |0 0  |1 0  |2 ddc  |4 0  |6 372_600000000000000  |7 0  |8 300  |9 94394  |a qbu  |b qbu  |c D2  |d 2015-09-29  |g 16000  |o 372.6  |p 10968.c9  |w 2015-09-29  |y STK0  |0 0  |6 372_600000000000000  |0 0  |6 495_922076000000000_NG527TH 
952 |0 0  |1 0  |2 ddc  |4 0  |6 372_600000000000000  |7 0  |8 300  |9 94395  |a qbu  |b qbu  |c D2  |d 2015-09-29  |g 16000  |o 372.6  |p 10968.c10  |w 2015-09-29  |y STK0  |0 0  |6 372_600000000000000  |0 0  |6 495_922076000000000_NG527TH 
952 |0 0  |1 0  |2 ddc  |4 0  |6 372_600000000000000  |7 0  |8 300  |9 94396  |a qbu  |b qbu  |c D2  |d 2015-09-29  |g 16000  |o 372.6  |p 10968.c11  |w 2015-09-29  |y STK0  |0 0  |6 372_600000000000000  |0 0  |6 495_922076000000000_NG527TH 
952 |0 0  |1 0  |2 ddc  |4 0  |6 372_600000000000000  |7 0  |8 300  |9 94397  |a qbu  |b qbu  |c D2  |d 2015-09-29  |g 16000  |o 372.6  |p 10968.c12  |w 2015-09-29  |y STK0  |0 0  |6 372_600000000000000  |0 0  |6 495_922076000000000_NG527TH 
952 |0 0  |1 0  |2 ddc  |4 0  |6 372_600000000000000  |7 0  |8 300  |9 94398  |a qbu  |b qbu  |c D2  |d 2015-09-29  |g 16000  |o 372.6  |p 10968.c13  |w 2015-09-29  |y STK0  |0 0  |6 372_600000000000000  |0 0  |6 495_922076000000000_NG527TH 
952 |0 0  |1 0  |2 ddc  |4 0  |6 372_600000000000000  |7 0  |8 300  |9 94399  |a qbu  |b qbu  |c D2  |d 2015-09-29  |g 16000  |o 372.6  |p 10968.c14  |w 2015-09-29  |y STK0  |0 0  |6 372_600000000000000  |0 0  |6 495_922076000000000_NG527TH